[Event "Dortmund Sparkassen 2015"]
[Site "Dortmund GER"]
[Date "2015.07.01"]
[Round "4"]
[White "Nepomniachtchi, Ian"]
[Black "Nisipeanu, Liviu-Dieter"]
[Result "1/2-1/2"]
[WhiteElo "2720"]
[BlackElo "2654"]
[PlyCount "150"]
[EventDate "2015.06.27"]

1. e4 c6 2. d4 d5 3. e5 Bf5 4. h4 h5 5. Bd3 Bxd3 6. Qxd3 e6 7. Bg5 Qb6 8. Nd2
Ne7 9. Ngf3 Qa6 10. c4 Nf5 11. O-O Nd7 12. Qc3 Be7 13. Bxe7 Nxe7 14. c5 b6 15.
a4 bxc5 16. dxc5 Qc8 17. b4 a5 18. bxa5 Qc7 19. Nb3 Ng6 20. Rfe1 O-O 21. Rac1
f6 22. Nbd4 Nf4 23. Qc2 Nxe5 24. g3 Nfd3 25. Nxe5 Nxe1 26. Rxe1 fxe5 27. Nxe6
Qxa5 28. Rxe5 Qxa4 29. Qxa4 Rxa4 30. Nxf8 Kxf8 31. Re6 Ra1+ 32. Kg2 d4 33. Rxc6
d3 34. Rd6 Rc1 35. c6 d2 36. Rxd2 Rxc6 37. Rd5 g6 38. Rd7 Rc3 39. Kf1 Rc2 40.
Ke1 Ra2 41. Rd2 Ra3 42. Ke2 Kf7 43. Rd3 Ra2+ 44. Ke3 Kf6 45. Rd4 Rb2 46. Rf4+
Kg7 47. Ra4 Kf6 48. f3 Rb3+ 49. Kf4 Rc3 50. Ra6+ Kg7 51. Rd6 Ra3 52. Ke4 Rb3
53. Rd3 Rb5 54. Rd7+ Kf6 55. g4 hxg4 56. fxg4 Rb4+ 57. Rd4 Rb7 58. Rd6+ Kg7 59.
Ke5 Rf7 60. Re6 Rf1 61. Re7+ Kg8 62. g5 Rf5+ 63. Ke6 Rf4 64. Rd7 Rxh4 65. Kf6
Ra4 66. Rg7+ Kh8 67. Re7 Kg8 68. Re6 Kh7 69. Re7+ Kg8 70. Re3 Kh7 71. Re7+ Kg8
72. Rg7+ Kh8 73. Rxg6 Ra6+ 74. Kf5 Ra5+ 75. Kf6 Ra6+ 1/2-1/2

[Event "Dortmund Sparkassen 2015"]
[Site "Dortmund GER"]
[Date "2015.07.01"]
[Round "4"]
[White "Hou, Yifan"]
[Black "So, Wesley"]
[Result "1/2-1/2"]
[WhiteElo "2676"]
[BlackElo "2778"]
[PlyCount "80"]
[EventDate "2015.06.27"]

1. e4 c6 2. d4 d5 3. Nd2 dxe4 4. Nxe4 Bf5 5. Ng3 Bg6 6. h4 h6 7. Nf3 Nd7 8. h5
Bh7 9. Bd3 Bxd3 10. Qxd3 e6 11. Bd2 Ngf6 12. O-O-O Be7 13. Kb1 Qb6 14. Ne4 Rd8
15. c4 O-O 16. Qe2 c5 17. Bc3 cxd4 18. Bxd4 Qc6 19. Nxf6+ Bxf6 20. g4 Bxd4 21.
Nxd4 Qc5 22. Nf3 Nf6 23. Ne5 Rd4 24. Rxd4 Qxd4 25. Rd1 Qf4 26. Re1 Qd4 27. Rd1
Qf4 28. f3 a6 29. a3 Ra8 30. Rd6 Re8 31. Ka2 Nxg4 32. fxg4 f6 33. Rd7 fxe5 34.
Rxb7 Qd4 35. g5 hxg5 36. h6 gxh6 37. Qh5 Qxc4+ 38. Ka1 Qc1+ 39. Ka2 Qc4+ 40.
Ka1 Qc1+ 1/2-1/2

[Event "Dortmund Sparkassen 2015"]
[Site "Dortmund GER"]
[Date "2015.07.01"]
[Round "4"]
[White "Caruana, Fabiano"]
[Black "Naiditsch, Arkadij"]
[Result "1-0"]
[WhiteElo "2805"]
[BlackElo "2722"]
[PlyCount "81"]
[EventDate "2015.06.27"]

1. d4 Nf6 2. c4 e6 3. g3 d5 4. Bg2 dxc4 5. Nf3 c5 6. O-O Nc6 7. Qa4 Bd7 8. Qxc4
b5 9. Qc3 cxd4 10. Nxd4 Nxd4 11. Qxd4 Rc8 12. Bf4 Bc5 13. Qd3 Qb6 14. Nd2 O-O
15. Ne4 Nd5 16. Ng5 g6 17. Be5 Be7 18. Nf3 Bc6 19. Qd2 f6 20. Bd4 Qb7 21. Rac1
Rfd8 22. Bh3 Bd7 23. Rxc8 Bxc8 24. Rc1 Bd7 25. Bc5 Bxc5 26. Rxc5 Rc8 27. b4
Rxc5 28. bxc5 Qc7 29. e4 Ne7 30. Qd4 Kg7 31. e5 f5 32. Bg2 h6 33. Qd6 Qxd6 34.
exd6 Nc6 35. Ne1 a5 36. Nd3 b4 37. h4 Nd4 38. Kh2 Bb5 39. Ne5 Kf6 40. c6 Bxc6
41. Nxc6 1-0

[Event "Porticcio Open 2015"]
[Site "Grosseto-Prugna FRA"]
[Date "2015.07.01"]
[Round "7"]
[White "Fressinet, Laurent"]
[Black "Bacrot, Etienne"]
[Result "1/2-1/2"]
[WhiteElo "2720"]
[BlackElo "2695"]
[PlyCount "78"]
[EventDate "2015.06.27"]

1. Nf3 d5 2. d4 Nf6 3. c4 e6 4. Nc3 Bb4 5. Bg5 h6 6. Bxf6 Qxf6 7. Qa4+ Nc6 8.
e3 O-O 9. Be2 Bd7 10. Qb3 dxc4 11. Qxc4 Bd6 12. O-O Qg6 13. Rfd1 Na5 14. Qd3
Qxd3 15. Bxd3 Rfd8 16. Rac1 Nc6 17. Ne4 Nb4 18. Bb1 Ba4 19. Rd2 Bc6 20. a3 Bxe4
21. Bxe4 Nd5 22. g3 c6 23. Ne1 Nf6 24. Bf3 e5 25. dxe5 Bxe5 26. Rcd1 Rxd2 27.
Rxd2 Bc7 28. Kf1 Kf8 29. Nd3 Rd8 30. Ke2 Bb6 31. Ne5 Rxd2+ 32. Kxd2 Ke7 33. a4
Nd7 34. Nxd7 Kxd7 35. Kd3 a5 36. Bg4+ Kd6 37. Bc8 Kc7 38. Bg4 Kd6 39. Bc8 Ke5
1/2-1/2

[Event "6th Hainan Danzhou 2015"]
[Site "Danzhou CHN"]
[Date "2015.07.02"]
[Round "1"]
[White "Bu, Xiangzhi"]
[Black "Wang, Chen"]
[Result "1/2-1/2"]
[WhiteElo "2695"]
[BlackElo "2521"]
[PlyCount "64"]
[EventDate "2015.07.02"]

1. c4 e6 2. Nf3 Nf6 3. Nc3 d5 4. d4 Nbd7 5. Bf4 dxc4 6. e3 a6 7. a4 Bd6 8. Bg3
b6 9. e4 Bb4 10. e5 Ne4 11. Qc2 Bb7 12. Bxc4 c5 13. dxc5 Qc7 14. O-O Bxc3 15.
bxc3 Qxc5 16. Qe2 O-O 17. Bd3 Nxc3 18. Bxh7+ Kh8 19. Qd3 Bxf3 20. Qxf3 Kxh7 21.
Qd3+ Kg8 22. Qxd7 b5 23. axb5 axb5 24. Rxa8 Rxa8 25. h3 b4 26. Qb7 Ra2 27. Kh2
Qc4 28. Re1 Nd5 29. Qb8+ Kh7 30. Qb7 Kg8 31. Qb8+ Kh7 32. Qb7 Kg8 1/2-1/2

[Event "6th Hainan Danzhou 2015"]
[Site "Danzhou CHN"]
[Date "2015.07.02"]
[Round "1"]
[White "Wang, Yue"]
[Black "Lu, Shanglei"]
[Result "1-0"]
[WhiteElo "2716"]
[BlackElo "2595"]
[PlyCount "69"]
[EventDate "2015.07.02"]

1. c4 c6 2. Nf3 Nf6 3. g3 d5 4. Bg2 Bf5 5. Qb3 Qb6 6. d3 e6 7. Be3 Qxb3 8. axb3
a6 9. Nc3 h6 10. cxd5 exd5 11. Nd4 Bh7 12. Nc2 Nbd7 13. b4 Rc8 14. Na4 Bd6 15.
Nc5 Rc7 16. Bh3 O-O 17. Kd2 Re8 18. Bd4 Nf8 19. f4 Ne6 20. Nxe6 fxe6 21. Bc5
Bxc5 22. bxc5 e5 23. fxe5 Rxe5 24. Nd4 Rce7 25. Ra4 g5 26. Rf1 Nd7 27. Bxd7
Rxd7 28. Raa1 Kg7 29. Kc3 Bg6 30. Rf2 Bh5 31. h3 Bg6 32. Raf1 a5 33. Kd2 Rd8
34. Rf6 Rde8 35. Rd6 1-0

[Event "6th Hainan Danzhou 2015"]
[Site "Danzhou CHN"]
[Date "2015.07.02"]
[Round "1"]
[White "Yu, Yangyi"]
[Black "Sasikiran, Krishnan"]
[Result "1-0"]
[WhiteElo "2736"]
[BlackElo "2640"]
[PlyCount "107"]
[EventDate "2015.07.02"]

1. e4 e5 2. Nf3 Nc6 3. Bb5 Nf6 4. d3 Bc5 5. Bxc6 dxc6 6. Nbd2 O-O 7. Nc4 Nd7 8.
O-O Re8 9. Be3 Bf8 10. Kh1 Qf6 11. Nfd2 b5 12. Na5 Nb6 13. c4 Bb4 14. Ndb3 bxc4
15. dxc4 Be7 16. Nc5 Qg6 17. f3 f5 18. Qc2 fxe4 19. Qxe4 Bf5 20. Qxc6 Bd6 21.
Rad1 e4 22. f4 h5 23. b3 h4 24. Nab7 h3 25. Rd2 Rac8 26. g3 Kh7 27. a4 Qg4 28.
a5 Nd7 29. Nxd7 Bxd7 30. Qd5 Bf5 31. Nxd6 cxd6 32. Kg1 a6 33. Rb2 Qg6 34. Rd1
Qg4 35. Rc1 Rf8 36. Qd1 Qg6 37. Rd2 Bg4 38. Qe1 Rb8 39. Rb1 Rbc8 40. Rd4 Rf5
41. Qd2 Qh5 42. Ra1 d5 43. cxd5 Be2 44. Re1 Bd3 45. Qd1 Qg6 46. d6 Rxa5 47. d7
Rd8 48. g4 Rb5 49. g5 Qf5 50. Qh5+ Kg8 51. Rc1 g6 52. Qh4 Rd5 53. Rc6 Rxd4 54.
Bxd4 1-0

[Event "6th Hainan Danzhou 2015"]
[Site "Danzhou CHN"]
[Date "2015.07.02"]
[Round "1"]
[White "Bruzon Batista, Lazaro"]
[Black "Ni, Hua"]
[Result "1/2-1/2"]
[WhiteElo "2669"]
[BlackElo "2703"]
[PlyCount "82"]
[EventDate "2015.07.02"]

1. c4 e6 2. Nf3 Nf6 3. d4 d5 4. g3 Bb4+ 5. Bd2 Be7 6. Bg2 O-O 7. O-O c6 8. Qc2
Nbd7 9. Rd1 b6 10. b3 a5 11. Bc3 Bb7 12. Nbd2 Qc7 13. e4 dxe4 14. Nxe4 c5 15.
Nxf6+ Nxf6 16. dxc5 bxc5 17. Ng5 h6 18. Ne4 Nxe4 19. Bxe4 Bxe4 20. Qxe4 Bf6 21.
Bxf6 gxf6 22. Rd3 a4 23. Rad1 axb3 24. axb3 Rad8 25. h4 Rxd3 26. Rxd3 Qe5 27.
Qxe5 fxe5 28. Re3 f6 29. f4 exf4 30. Rxe6 Kf7 31. Rc6 Rg8 32. Rxc5 Rxg3+ 33.
Kf2 Rxb3 34. Rf5 Ke6 35. Rxf4 Ke5 36. Rf3 Rb2+ 37. Kg3 Rc2 38. Re3+ Kf5 39.
Rf3+ Ke5 40. Re3+ Kf5 41. Rf3+ Ke5 1/2-1/2

[Event "Porticcio Open 2015"]
[Site "Grosseto-Prugna FRA"]
[Date "2015.07.02"]
[Round "8"]
[White "Bacrot, Etienne"]
[Black "Laznicka, Viktor"]
[Result "1/2-1/2"]
[WhiteElo "2695"]
[BlackElo "2657"]
[PlyCount "48"]
[EventDate "2015.06.27"]

1. d4 d5 2. c4 dxc4 3. e4 Nf6 4. e5 Nd5 5. Bxc4 Nb6 6. Bd3 Nc6 7. Ne2 Bg4 8.
Be3 e6 9. Nbc3 Nb4 10. Be4 c6 11. Qb3 Qd7 12. a3 N4d5 13. Ng3 Be7 14. h3 Bf5
15. Nxd5 Nxd5 16. Bxd5 cxd5 17. Nxf5 exf5 18. O-O O-O 19. Rfc1 Rfc8 20. a4 h5
21. Bd2 h4 22. Be3 Kf8 23. Bd2 Kg8 24. Be3 Kf8 1/2-1/2

[Event "Porticcio Open 2015"]
[Site "Grosseto-Prugna FRA"]
[Date "2015.07.02"]
[Round "8"]
[White "David, Alberto"]
[Black "Fressinet, Laurent"]
[Result "1/2-1/2"]
[WhiteElo "2571"]
[BlackElo "2720"]
[PlyCount "88"]
[EventDate "2015.06.27"]

1. e4 e5 2. Nf3 Nc6 3. Bb5 Nf6 4. d3 Bc5 5. O-O Nd4 6. Ba4 Nxf3+ 7. Qxf3 O-O 8.
Qg3 d6 9. Bg5 c6 10. Bb3 Kh8 11. Qh4 h6 12. Nd2 Kg8 13. Be3 Nd7 14. Qh5 Nf6 15.
Qh4 Nd7 16. Qh5 a5 17. a4 Nf6 18. Qh4 Bxe3 19. fxe3 d5 20. exd5 cxd5 21. e4
dxe4 22. Nxe4 Qd4+ 23. Kh1 Nxe4 24. Qxe4 Qxe4 25. dxe4 Be6 26. Bxe6 fxe6 27.
Rxf8+ Kxf8 28. Ra3 Rd8 29. Kg1 Rd1+ 30. Kf2 Rd2+ 31. Kf3 Rxc2 32. Rb3 Rc4 33.
Rxb7 Rxa4 34. h4 Rc4 35. b3 Rc3+ 36. Kf2 Rc2+ 37. Kf3 Rb2 38. Rb5 Ke7 39. Rxa5
Rxb3+ 40. Kf2 Kf6 41. Ra8 Rb2+ 42. Kf3 Rb3+ 43. Kf2 Rb2+ 44. Kf3 Rb3+ 1/2-1/2

[Event "Porticcio Open 2015"]
[Site "Grosseto-Prugna FRA"]
[Date "2015.07.03"]
[Round "9"]
[White "Areshchenko, Alexander"]
[Black "Bacrot, Etienne"]
[Result "1-0"]
[WhiteElo "2656"]
[BlackElo "2695"]
[PlyCount "65"]
[EventDate "2015.06.27"]

1. e4 e5 2. Nf3 Nc6 3. Bb5 Nf6 4. O-O Nxe4 5. Re1 Nd6 6. Nxe5 Be7 7. Bf1 Nxe5
8. Rxe5 O-O 9. Nc3 Ne8 10. Nd5 Bd6 11. Re1 c6 12. Ne3 Be7 13. c4 Nc7 14. d4 d5
15. cxd5 Nxd5 16. Nxd5 cxd5 17. Bf4 Be6 18. Qb3 Bf6 19. Be5 Bxe5 20. Rxe5 Qd7
21. Rae1 g6 22. h4 a6 23. h5 Rfe8 24. Qe3 Qd6 25. Qf4 Qf8 26. g3 Bd7 27. Bg2
Bc6 28. h6 Rxe5 29. Rxe5 Rd8 30. g4 Rd6 31. Qe3 Rd8 32. Re7 Rd6 33. Qe5 1-0

[Event "Porticcio Open 2015"]
[Site "Grosseto-Prugna FRA"]
[Date "2015.07.03"]
[Round "9"]
[White "Fressinet, Laurent"]
[Black "Socko, Monika"]
[Result "1-0"]
[WhiteElo "2720"]
[BlackElo "2472"]
[PlyCount "82"]
[EventDate "2015.06.27"]

1. c4 Nf6 2. Nf3 g6 3. g3 Bg7 4. Bg2 d6 5. d4 O-O 6. O-O Nc6 7. Nc3 a6 8. d5
Na5 9. b3 c5 10. dxc6 Nxc6 11. Bb2 Bd7 12. Qc1 Rc8 13. Nd5 Nxd5 14. Bxg7 Kxg7
15. cxd5 Ne5 16. Qb2 f6 17. Nd4 Qa5 18. Rad1 Rc3 19. h3 Rfc8 20. Kh2 Qb4 21.
Qb1 a5 22. f4 Nf7 23. Rf3 Rxf3 24. Bxf3 Rc3 25. Qb2 Rc7 26. Bg4 Bxg4 27. hxg4
Nd8 28. Qb1 a4 29. Qe4 Kg8 30. Kg2 a3 31. Rh1 Nf7 32. Rd1 Nd8 33. Qe3 Qc3 34.
Qxc3 Rxc3 35. Rd3 Rc5 36. b4 Rc4 37. e3 Kf7 38. Rxa3 e5 39. Nb5 Rxb4 40. Nxd6+
Ke7 41. Ra8 e4 1-0

[Event "6th Hainan Danzhou 2015"]
[Site "Danzhou CHN"]
[Date "2015.07.03"]
[Round "2"]
[White "Wang Chen"]
[Black "Sasikiran, K."]
[Result "1/2-1/2"]
[WhiteElo "2521"]
[BlackElo "2640"]
[PlyCount "53"]
[EventDate "2015.07.02"]

1. d4 Nf6 2. Nf3 d5 3. Bg5 Ne4 4. Bf4 c5 5. e3 Nc6 6. c3 Bf5 7. Qb3 Qd7 8. Nbd2
Nxd2 9. Nxd2 e6 10. Be2 Be7 11. O-O O-O 12. dxc5 Bxc5 13. Nf3 Qe7 14. Bg3 Rac8
15. Rfd1 Rfd8 16. Rac1 a6 17. Qa4 h6 18. h3 Bd6 19. Bxd6 Rxd6 20. c4 dxc4 21.
Qxc4 Rxd1+ 22. Rxd1 e5 23. Qa4 Rc7 24. Ne1 Rd7 25. Nf3 Rc7 26. Ne1 Rd7 27. Nf3
1/2-1/2

[Event "6th Hainan Danzhou 2015"]
[Site "Danzhou CHN"]
[Date "2015.07.03"]
[Round "2"]
[White "Lu Shanglei"]
[Black "Yu Yangyi"]
[Result "1/2-1/2"]
[WhiteElo "2595"]
[BlackElo "2736"]
[PlyCount "50"]
[EventDate "2015.07.02"]

1. e4 c5 2. Nf3 e6 3. g3 Nc6 4. Bg2 Nf6 5. Nc3 d6 6. d4 cxd4 7. Nxd4 Bd7 8. Be3
Be7 9. h3 O-O 10. f4 Nxd4 11. Qxd4 Bc6 12. O-O b5 13. e5 Nd5 14. Nxd5 Bxd5 15.
Bxd5 dxe5 16. fxe5 exd5 17. Rad1 Qc8 18. Qxd5 Qxh3 19. Bf2 Rac8 20. c3 Bc5 21.
Bxc5 Qxg3+ 22. Kh1 Qh3+ 23. Kg1 Qg3+ 24. Kh1 Qh3+ 25. Kg1 Qg3+ 1/2-1/2

[Event "6th Hainan Danzhou 2015"]
[Site "Danzhou CHN"]
[Date "2015.07.03"]
[Round "2"]
[White "Ni Hua"]
[Black "Wang Yue"]
[Result "1/2-1/2"]
[WhiteElo "2703"]
[BlackElo "2716"]
[PlyCount "59"]
[EventDate "2015.07.02"]

1. Nf3 Nf6 2. c4 e6 3. Nc3 d5 4. d4 c5 5. cxd5 cxd4 6. Qxd4 exd5 7. e4 Nc6 8.
Bb5 dxe4 9. Qxd8+ Kxd8 10. Ng5 Be6 11. O-O Bb4 12. Ncxe4 Nxe4 13. Nxe4 Ke7 14.
Be3 Rhd8 15. Ba4 Kf8 16. Nc5 Bxc5 17. Bxc5+ Kg8 18. a3 Nd4 19. Rfd1 b5 20. Bxd4
bxa4 21. Bxa7 Bb3 22. Rxd8+ Rxd8 23. Be3 f5 24. f3 Kf7 25. Kf2 Rd1 26. Rxd1
Bxd1 27. Bd4 Bb3 28. Be3 Bd1 29. Bd4 Bb3 30. Be3 1/2-1/2

[Event "Dortmund Sparkassen 2015"]
[Site "Dortmund GER"]
[Date "2015.07.03"]
[Round "5"]
[White "Nisipeanu, LD."]
[Black "Meier, Geo"]
[Result "1/2-1/2"]
[WhiteElo "2654"]
[BlackElo "2654"]
[PlyCount "83"]
[EventDate "2015.06.26"]

1. d4 Nf6 2. c4 e6 3. Nc3 Bb4 4. e3 c5 5. Nge2 cxd4 6. exd4 d5 7. a3 Bxc3+ 8.
Nxc3 dxc4 9. Bxc4 Nc6 10. Be3 O-O 11. O-O h6 12. Ba2 Ne7 13. Qf3 Ned5 14. Rac1
b6 15. Nxd5 Nxd5 16. Bxd5 Qxd5 17. Qg3 Bb7 18. Bxh6 Qxg2+ 19. Qxg2 Bxg2 20.
Bxg7 Bxf1 21. Bxf8 Ba6 22. Bd6 Rc8 23. Bc7 Bb7 24. Kf1 Kh7 25. Ke2 Kg6 26. Ke3
Kh5 27. Kf4 f6 28. Rc3 Bd5 29. Bd6 Rxc3 30. bxc3 b5 31. Be7 Kg6 32. h4 Bb3 33.
h5+ Kf7 34. Bd8 Bd1 35. h6 Bc2 36. f3 a6 37. Ke3 Kg6 38. Kf4 Kf7 39. Kg4 Kg6
40. Kf4 Kf7 41. Ke3 Kg6 42. Kf4 1/2-1/2

[Event "Dortmund Sparkassen 2015"]
[Site "Dortmund GER"]
[Date "2015.07.03"]
[Round "5"]
[White "Naiditsch, A."]
[Black "Hou Yifan"]
[Result "1/2-1/2"]
[WhiteElo "2722"]
[BlackElo "2676"]
[PlyCount "127"]
[EventDate "2015.06.26"]

1. d4 Nf6 2. c4 e6 3. Nc3 Bb4 4. e3 O-O 5. Bd3 d5 6. cxd5 exd5 7. Nge2 Bd6 8.
O-O Re8 9. Bd2 a5 10. Rc1 b6 11. Ng3 Ba6 12. Bxa6 Nxa6 13. Qa4 Nb4 14. Nf5 Bf8
15. a3 c5 16. Ng3 g6 17. Nce2 Na6 18. dxc5 Nxc5 19. Qd1 h5 20. Nd4 h4 21. Nge2
h3 22. g3 Nfe4 23. Be1 a4 24. Nf4 Qd7 25. Bb4 Rac8 26. Nde2 Rcd8 27. Nc3 Qf5
28. Nb5 Ng5 29. Nd4 Qd7 30. Rc2 Nge4 31. Re1 Bg7 32. Ree2 Rc8 33. f3 Ng5 34.
Kf2 Kh7 35. Qf1 Nb3 36. Rxc8 Rxc8 37. Bc3 Rc4 38. Nxb3 Bxc3 39. Nd2 Bxd2 40.
Rxd2 Qc6 41. Nxh3 Ne6 42. Nf4 Nxf4 43. gxf4 Rc1 44. Qg2 Qc4 45. Kg3 Kg7 46. f5
Re1 47. Qf2 Rf1 48. Qe2 Qc1 49. Rc2 Rg1+ 50. Kf4 g5+ 51. Ke5 Re1 52. f6+ Kh6
53. Rxc1 Rxe2 54. Rc3 Rxb2 55. Kxd5 Kg6 56. Rc6 Rb3 57. Ke4 b5 58. Rb6 Rxa3 59.
Rxb5 Kxf6 60. Rb6+ Kg7 61. Ra6 Ra2 62. Kf5 Ra3 63. Kxg5 Rxe3 64. Rxa4 1/2-1/2

[Event "6th Hainan Danzhou 2015"]
[Site "Danzhou CHN"]
[Date "2015.07.04"]
[Round "3"]
[White "Bruzon Batista, Lazaro"]
[Black "Bu, Xiangzhi"]
[Result "1/2-1/2"]
[WhiteElo "2669"]
[BlackElo "2695"]
[PlyCount "81"]
[EventDate "2015.07.02"]

1. e4 c5 2. Nf3 d6 3. d4 cxd4 4. Nxd4 Nf6 5. Nc3 a6 6. h3 e6 7. g4 b5 8. Bg2
Bb7 9. O-O Nfd7 10. Re1 Nc6 11. e5 d5 12. Nxc6 Bxc6 13. Ne2 Bb7 14. Nd4 Bc5 15.
Be3 O-O 16. f4 Qc7 17. c3 Rae8 18. g5 Bb6 19. Kh1 Nc5 20. Rg1 Rc8 21. Rc1 Rfd8
22. h4 Ne4 23. Bf3 Qe7 24. Rg2 b4 25. cxb4 Rxc1 26. Qxc1 Qxb4 27. a3 Qc4 28.
Qd1 Bxd4 29. Bxd4 Rc8 30. Be2 Qc1 31. Qxc1 Rxc1+ 32. Kh2 g6 33. Be3 Re1 34. Bd4
Rc1 35. Be3 Re1 36. Bd4 a5 37. Bb5 Rd1 38. Be3 Re1 39. Bd4 Rd1 40. Be3 Re1 41.
Bd4 1/2-1/2

[Event "6th Hainan Danzhou 2015"]
[Site "Danzhou CHN"]
[Date "2015.07.04"]
[Round "3"]
[White "Wang, Yue"]
[Black "Wei, Yi"]
[Result "1-0"]
[WhiteElo "2716"]
[BlackElo "2724"]
[PlyCount "85"]
[EventDate "2015.07.02"]

1. Nf3 Nf6 2. c4 g6 3. Nc3 d5 4. cxd5 Nxd5 5. h4 Bg7 6. e4 Nxc3 7. dxc3 Qxd1+
8. Kxd1 b6 9. Bf4 Bb7 10. Bb5+ c6 11. Be2 Nd7 12. Kc2 e5 13. Be3 c5 14. Nd2 f5
15. f3 Nf6 16. Bd3 O-O 17. a4 Rac8 18. a5 b5 19. a6 Ba8 20. Bxb5 fxe4 21. Bc4+
Kh8 22. h5 exf3 23. gxf3 gxh5 24. Rh4 Rfe8 25. Ne4 Nxe4 26. fxe4 Bf6 27. Rxh5
Bxe4+ 28. Bd3 Bxd3+ 29. Kxd3 Re6 30. Kc4 Rcc6 31. Bxc5 Be7 32. b4 Bxc5 33. bxc5
e4 34. Kd5 e3 35. Rh3 e2 36. Rh2 Rg6 37. Rxe2 Rc8 38. Re5 Rd8+ 39. Kc4 Rg4+ 40.
Kb5 Rb8+ 41. Kc6 Rg6+ 42. Kc7 Rb3 43. Rd1 1-0

[Event "6th Hainan Danzhou 2015"]
[Site "Danzhou CHN"]
[Date "2015.07.04"]
[Round "3"]
[White "Yu, Yangyi"]
[Black "Ni, Hua"]
[Result "1/2-1/2"]
[WhiteElo "2736"]
[BlackElo "2703"]
[PlyCount "62"]
[EventDate "2015.07.02"]

1. e4 c6 2. d4 d5 3. Nc3 dxe4 4. Nxe4 Bf5 5. Ng3 Bg6 6. h4 h6 7. Nf3 e6 8. Ne5
Bh7 9. Bd3 Bxd3 10. Qxd3 Nd7 11. f4 Bb4+ 12. c3 Be7 13. Bd2 Ngf6 14. O-O-O c5
15. Be3 O-O 16. Kb1 Qc7 17. Ne4 Nxe4 18. Qxe4 Nxe5 19. dxe5 Rfd8 20. h5 b5 21.
g4 Rxd1+ 22. Rxd1 Rd8 23. Rxd8+ Qxd8 24. Kc2 Qa5 25. Qa8+ Bf8 26. Bxc5 Qa4+ 27.
b3 Qxa2+ 28. Kc1 Qa1+ 29. Kc2 Qa2+ 30. Kc1 Qa1+ 31. Kc2 Qa2+ 1/2-1/2

[Event "6th Hainan Danzhou 2015"]
[Site "Danzhou CHN"]
[Date "2015.07.04"]
[Round "3"]
[White "Sasikiran, Krishnan"]
[Black "Lu, Shanglei"]
[Result "1/2-1/2"]
[WhiteElo "2640"]
[BlackElo "2595"]
[PlyCount "52"]
[EventDate "2015.07.02"]

1. d4 d5 2. c4 e6 3. Nf3 Nf6 4. e3 Nbd7 5. b3 b6 6. cxd5 exd5 7. Bb2 Bb7 8. Bd3
Bd6 9. O-O Qe7 10. Nc3 a6 11. Rc1 O-O 12. Re1 Ne4 13. Bf1 f5 14. g3 g5 15. Bg2
Rae8 16. Rc2 h6 17. Ne5 Nxe5 18. dxe5 Bxe5 19. Nxd5 Qf7 20. Bxe5 Rxe5 21. Rxc7
Qxd5 22. Qh5 Rf7 23. Qg6+ Kf8 24. Qxh6+ Kg8 25. Qg6+ Kf8 26. Qh6+ Kg8 1/2-1/2

[Event "Dortmund Sparkassen 2015"]
[Site "Dortmund GER"]
[Date "2015.07.04"]
[Round "6"]
[White "Caruana, F."]
[Black "Hou Yifan"]
[Result "1-0"]
[WhiteElo "2805"]
[BlackElo "2676"]
[PlyCount "77"]
[EventDate "2015.06.26"]

1. c4 e6 2. Nc3 d5 3. d4 Bb4 4. a3 Bxc3+ 5. bxc3 Nf6 6. e3 c6 7. a4 O-O 8. Nf3
b6 9. cxd5 exd5 10. Bd3 Ba6 11. O-O c5 12. Ne5 Re8 13. a5 Bxd3 14. Nxd3 Nc6 15.
axb6 axb6 16. Rxa8 Qxa8 17. dxc5 bxc5 18. Nxc5 Ne5 19. Nd3 Nc4 20. Nf4 h6 21.
Qd4 Re4 22. Qc5 Re5 23. f3 Qa2 24. Qd4 Qa4 25. h4 Qb5 26. g4 Nd7 27. Nd3 Re6
28. Kg2 Ndb6 29. Nf4 Re5 30. Nh5 Qb1 31. e4 dxe4 32. f4 Rxh5 33. gxh5 Qc2+ 34.
Kh1 Qe2 35. Rg1 Qf3+ 36. Rg2 g6 37. hxg6 Qf1+ 38. Kh2 Qxc1 39. Qf6 1-0

[Event "Dortmund Sparkassen 2015"]
[Site "Dortmund GER"]
[Date "2015.07.04"]
[Round "6"]
[White "Kramnik, V."]
[Black "Nisipeanu, LD."]
[Result "1/2-1/2"]
[WhiteElo "2783"]
[BlackElo "2654"]
[PlyCount "165"]
[EventDate "2015.06.26"]

1. Nf3 d5 2. e3 Nf6 3. c4 e6 4. b3 c5 5. Bb2 Nc6 6. cxd5 exd5 7. Bb5 Bd6 8. d4
cxd4 9. Nxd4 O-O 10. O-O Qc7 11. h3 Bh2+ 12. Kh1 Be5 13. Qc2 Bd7 14. Nf3 Bxb2
15. Qxb2 Rac8 16. Rc1 Qd6 17. Nc3 Ne5 18. Be2 Nxf3 19. Bxf3 Qe5 20. Qd2 Be6 21.
Nb5 Bd7 22. Qd4 Qxd4 23. Nxd4 a5 24. g4 h6 25. Kg2 Rxc1 26. Rxc1 Rc8 27. Rb1
Ra8 28. Ne2 g5 29. Nc3 Be6 30. Rd1 Rd8 31. e4 d4 32. Kg3 Rc8 33. Nb5 Nd7 34.
Nxd4 Ne5 35. Be2 Rc3+ 36. f3 Kg7 37. Rd2 Kf6 38. Nf5 Bxf5 39. exf5 Ke7 40. Rd5
Nc6 41. Bb5 b6 42. h4 f6 43. Bxc6 Rxc6 44. hxg5 hxg5 45. a4 Rc3 46. Rb5 Rc6 47.
f4 Rc3+ 48. Kf2 gxf4 49. Rxb6 Kf7 50. b4 Rc2+ 51. Kf3 Rc3+ 52. Kf2 Rc2+ 53. Ke1
Rc1+ 54. Kd2 f3 55. Ke3 Rc3+ 56. Kf2 axb4 57. Rxb4 Kg7 58. Kg3 Ra3 59. Rb7+ Kh6
60. Ra7 f2+ 61. Kxf2 Kg5 62. Ke2 Kxg4 63. Ra5 Kf4 64. Kd2 Ke4 65. Kc2 Kd4 66.
Ra6 Rc3+ 67. Kb2 Rc4 68. Ra5 Rb4+ 69. Ka3 Kc4 70. Ra6 Rb3+ 71. Ka2 Rb4 72. Ra8
Kc5 73. Ka3 Rf4 74. Rb8 Rf1 75. Rb5+ Kc4 76. Kb2 Rf2+ 77. Kb1 Kc3 78. a5 Kc4
79. Rb7 Rxf5 80. a6 Ra5 81. a7 Kc5 82. Rf7 Kb6 83. Kc2 1/2-1/2

[Event "Dortmund Sparkassen 2015"]
[Site "Dortmund GER"]
[Date "2015.07.04"]
[Round "6"]
[White "Nepomniachtchi, I."]
[Black "Naiditsch, A."]
[Result "1-0"]
[WhiteElo "2720"]
[BlackElo "2722"]
[PlyCount "135"]
[EventDate "2015.06.26"]

1. c4 e6 2. Nc3 d5 3. d4 Nf6 4. cxd5 exd5 5. Bg5 c6 6. Qc2 Be7 7. e3 Nbd7 8.
Bd3 O-O 9. Nge2 Re8 10. O-O h6 11. Bf4 Nf8 12. a3 a5 13. f3 Nh5 14. Be5 f6 15.
Bg3 Nxg3 16. Nxg3 Bd6 17. Rae1 Qc7 18. f4 Be6 19. Nf5 Bxf5 20. Bxf5 Re7 21. h4
Rae8 22. Rf3 b5 23. h5 b4 24. axb4 Bxb4 25. Re2 Qd6 26. Qd3 Rd8 27. Na4 c5 28.
Nxc5 Bxc5 29. dxc5 Qxc5 30. Rc2 Qb6 31. Kh2 Ne6 32. Rg3 Kh8 33. Qa3 Qb4 34.
Qxb4 axb4 35. Rc6 Nc7 36. Rf3 Nb5 37. Rc5 Nc7 38. Bg6 Kg8 39. Rc6 Kf8 40. b3
Ne8 41. Rb6 Rc7 42. Rxb4 Nd6 43. Rf1 Ke7 44. Rd1 Rc5 45. Rb6 Rb5 46. Rxb5 Nxb5
47. Kg3 Ke6 48. Kg4 Nd6 49. e4 dxe4 50. Bxe4 Rb8 51. Bd5+ Kd7 52. Ra1 f5+ 53.
Kh3 Ne8 54. Ra7+ Nc7 55. Bc4 Kd6 56. Ra5 Rf8 57. Kg3 Rf6 58. Kf3 Kc6 59. g3 Ne8
60. Re5 Nd6 61. Bd3 Rf7 62. b4 Rb7 63. Rc5+ Kd7 64. b5 Ke6 65. Re5+ Kf6 66. Ke3
Ra7 67. Kd4 Ra3 68. Bc4 1-0

[Event "Dortmund Sparkassen 2015"]
[Site "Dortmund GER"]
[Date "2015.07.04"]
[Round "6"]
[White "Meier, Geo"]
[Black "So, W."]
[Result "1/2-1/2"]
[WhiteElo "2654"]
[BlackElo "2778"]
[PlyCount "85"]
[EventDate "2015.06.26"]

1. d4 d5 2. c4 c6 3. Nf3 Nf6 4. e3 Bg4 5. Nc3 e6 6. h3 Bh5 7. g4 Bg6 8. Ne5
Nbd7 9. Nxg6 hxg6 10. g5 Ng8 11. h4 Ne7 12. Bd2 Nf5 13. Qg4 Be7 14. Rh3 Rh5 15.
O-O-O Qc7 16. Kb1 dxc4 17. Bxc4 O-O-O 18. Ne2 c5 19. Bb3 Kb8 20. Bc3 Rdh8 21.
Rdh1 Bd6 22. dxc5 Be5 23. e4 Bxc3 24. Rxc3 Rxh4 25. Rch3 Rxh3 26. Rxh3 Rxh3 27.
Qxh3 Ne7 28. Qh8+ Nc8 29. Qxg7 Nxc5 30. Bc2 Qe7 31. f4 a6 32. Nc3 Nd7 33. e5
Qf8 34. Qxf8 Nxf8 35. Be4 Nd7 36. Kc2 Ne7 37. Bf3 Kc7 38. Kd3 b5 39. b4 Nb6 40.
Kd4 Nf5+ 41. Kd3 Ne7 42. Kd4 Nf5+ 43. Kd3 1/2-1/2

[Event "6th Hainan Danzhou 2015"]
[Site "Danzhou CHN"]
[Date "2015.07.05"]
[Round "4"]
[White "Wang Chen"]
[Black "Lu Shanglei"]
[Result "1/2-1/2"]
[WhiteElo "2521"]
[BlackElo "2595"]
[PlyCount "70"]
[EventDate "2015.07.02"]

1. d4 Nf6 2. Bg5 Ne4 3. Bf4 c5 4. f3 Qa5+ 5. c3 Nf6 6. Nd2 cxd4 7. Nb3 Qb6 8.
Qxd4 Nc6 9. Qxb6 axb6 10. Nd4 e5 11. Nxc6 exf4 12. Nd4 Bc5 13. g3 Nd5 14. Nc2
d6 15. Nh3 Bxh3 16. Bxh3 Ne3 17. Nxe3 Bxe3 18. gxf4 O-O 19. f5 d5 20. Kd1 d4
21. Kc2 dxc3 22. bxc3 Rfd8 23. Rhd1 Bf4 24. Rxd8+ Rxd8 25. Rd1 Rxd1 26. Kxd1 h5
27. Ke1 f6 28. Kf2 Bxh2 29. e3 h4 30. f4 Bg3+ 31. Kf3 Kf7 32. Bg2 Ke7 33. Kg4
Bf2 34. Bxb7 Bxe3 35. Kxh4 Bxf4 1/2-1/2